| 000 | 00938nam a22001817a 4500 | ||
|---|---|---|---|
| 999 |
_c63438 _d63438 |
||
| 005 | 20251009151210.0 | ||
| 008 | 251009s1985 ru ||||| |||| 00| 0 rus d | ||
| 041 | _arus | ||
| 080 | _a616.11-002-029 О-60 | ||
| 245 |
_aОперативная хирургия / _cПод общей редакцией И. Литтманна. |
||
| 250 | _aТретье издание | ||
| 264 |
_aБудапешт : _bИзд-во Академии наук Венгрии. _c1985. |
||
| 300 |
_a1136 стр.: _bилл.; _c29 см. |
||
| 653 | _aქირურგია | ||
| 700 |
_aЛиттманн, И. _eრედაქტორი _926001 |
||
| 856 |
_uhttps://enc-medica.ru/wp-content/uploads/%D0%9B%D0%B8%D1%82%D1%82%D0%BC%D0%B0%D0%BD%D0%BD-%D0%98.-%D0%9E%D0%BF%D0%B5%D1%80%D0%B0%D1%82%D0%B8%D0%B2%D0%BD%D0%B0%D1%8F-%D1%85%D0%B8%D1%80%D1%83%D1%80%D0%B3%D0%B8%D1%8F.pdf _yел. версия ელ. ვერსია |
||
| 942 |
_2udc _cᲬᲘᲒᲜᲘ |
||